Jesus in Heaven on Earth (Record no. 3400)
[ view plain ]
| 000 -LEADER | |
|---|---|
| fixed length control field | 00560nam a2200229 a 4500 |
| 020 ## - INTERNATIONAL STANDARD BOOK NUMBER | |
| ISBN | |
| 082 00 - DEWEY DECIMAL CLASSIFICATION NUMBER | |
| Classification number | 297.86 |
| Author Cutter | AHM91 |
| 100 ## - MAIN ENTRY--AUTHOR NAME | |
| Author name | Ahmad, Khwaja Nazir |
| 245 ## - TITLE STATEMENT | |
| Title | Jesus in Heaven on Earth |
| 260 ## - PUBLICATION, DISTRIBUTION, ETC. (IMPRINT) | |
| Place of publication | Lahore |
| Name of publisher | Civil and Military Gazette Ltd |
| Year of publication | 1956 |
| 300 ## - PHYSICAL DESCRIPTION | |
| Number of Pages | 416p. |
| 500 ## - GENERAL NOTE | |
| General note | includes index and biblioraphy |
| 505 2# - FORMATTED CONTENTS NOTE | |
| Formatted contents note | Index |
| 942 ## - ADDED ENTRY ELEMENTS (KOHA) | |
| Koha item type | Books |
| 700 1# - | |
| -- | Ahmad, Khwaja Nazir |
| Collection code | Home library | Current library | Date acquired | Cost, normal purchase price | Full call number | Accession Number | Koha item type |
|---|---|---|---|---|---|---|---|
| Henry Martyn Institute Library | Henry Martyn Institute Library | 10/12/2010 | 0.00 | 297.86 AHM91 | 05784 | Books |
